| 000 | 00440nam a22001697a 4500 | ||
|---|---|---|---|
| 003 | NUST - PNEC | ||
| 005 | 20170116181142.0 | ||
| 008 | 151008b xxu||||| |||| 00| 0 eng d | ||
| 020 | _a0750600063 | ||
| 040 | _cLIBRARY | ||
| 082 | _a623.87 MCG | ||
| 100 |
_914776 _a McGeorge, H. D |
||
| 245 |
_aGeneral engineering knowledge. _c H. D,McGeorge |
||
| 250 | _a3rd ed | ||
| 650 |
_914777 _aMarine engineering _xGeneral |
||
| 942 |
_2ddc _cBK |
||
| 999 |
_c70553 _d70553 |
||